Central Library OPAC University of Rajshahi

Statistics : (Record no. 6840)

MARC details
000 -LEADER
fixed length control field 01052cam a2200277 4500
001 - CONTROL NUMBER
control field 6840
003 - CONTROL NUMBER IDENTIFIER
rucl marc code BD-RjUL
005 - DATE AND TIME OF LATEST TRANSACTION
control field 20211208234325.0
008 - FIXED-LENGTH DATA ELEMENTS--GENERAL INFORMATION
fixed length control field 140112s1972 caua 001 0 eng d
020 ## - INTERNATIONAL STANDARD BOOK NUMBER
International Standard Book Number 0816286043
-- 0816285942 (pbk)
035 ## - SYSTEM CONTROL NUMBER
System control number (BD-RjUL)6882
040 ## - CATALOGING SOURCE
Original cataloging agency DLC
Transcribing agency DLC
Modifying agency DLC
-- BD-RjUL
Language of cataloging eng
041 ## - LANGUAGE CODE
Language code of text/sound track or separate title eng
082 00 - DEWEY DECIMAL CLASSIFICATION NUMBER
Classification number 001.422
Author mark and year STA 1972
245 00 - TITLE STATEMENT
Title Statistics :
Remainder of title a guide to the unknown.
Statement of responsibility, etc. Edited by Judith M. Tanur [and others]
260 ## - PUBLICATION, DISTRIBUTION, ETC. (IMPRINT)
Place of publication, distribution, etc. San Francisco :
Name of publisher, distributor, etc. Holden-Day,
Date of publication, distribution, etc. 1972.
300 ## - PHYSICAL DESCRIPTION
Pagination xxiii, 430 p. :
Illustrations illus.,
Size 24 cm.
500 ## - GENERAL NOTE
General note Papers contributed at the invitation of the Joint Committee on the Curriculum in Statistics and Probability of the American Statistical Association and the National Council of Teachers of Mathematics.
504 ## - BIBLIOGRAPHY, ETC. NOTE
Bibliography, etc Includes index.
650 #0 - SUBJECT ADDED ENTRY--TOPICAL TERM
Topical term or geographic name as entry element Mathematical statistics.
9 (RLIN) 21486
700 1# - ADDED ENTRY--PERSONAL NAME
Personal name Tanur, Judith M.,
Relator term ed.
710 2# - ADDED ENTRY--CORPORATE NAME
Corporate name or jurisdiction name as entry element Joint Committee on the Curriculum in Statistics and Probability.
9 (RLIN) 21488
942 ## - ADDED ENTRY ELEMENTS (KOHA)
Source of classification or shelving scheme Dewey Decimal Classification
Koha item type Books
Holdings
Lost status Source of classification or shelving scheme Damaged status Not for loan Collection code Permanent Location Current Location Date acquired Source of acquisition Total Checkouts Full call number Date last seen Copy number Koha item type
  Dewey Decimal Classification   Not For Loan Non-fiction Central Library, University of Rajshahi Central Library, University of Rajshahi 28/12/1988 Asia foundation   001.422 STA 1972 12/01/2014 C-1 Books